000 01543nam2a22003731 4500
001 RU\NLR\A1SV\90553
005 20251203152403.2
035 _a(NLR Aleph) 009771910
090 _a13484619
_c13484619
100 _a20081114d1922 u y0rusy50 ca
101 0 _arus
200 1 _a1921-1922
210 _a[Самара]
_cСамгубкомпомголод
_d1922
215 _a[8], 382 с., 1 л. табл.
300 _aДата указана на корешке
327 0 _aАвт.: Ф.Бурван, А.Зверев, Троицкий, Беркутов, А.Запорожченко, Я.Стржалковский, И.П.Нудьга, Пяткин, Ф.Лебедев, А.Жемчужный и др.
461 1 _1001RU\NLR\A1SV\90551
_12000#$v[Кн.2]
_910059332
_c[Самара]
_d1922
_fСамар. губ. комис. помощи голодающим
_nГос. изд. Самар. отд.
_o[Сб. материалов]
_tНа фронте голода
_v[Кн.2]
702 1 _aБурван
_bФ.
702 1 _aЗверев
_bА.
702 1 _aТроицкий
702 1 _aБеркутов
702 1 _aЗапорожченко
_bА.
702 1 _aСтржалковский
_bЯ.
702 1 _aНудьга
_bИ.П.
702 1 _aПяткин
702 1 _aЛебедев
_bФ.
702 1 _aЖемчужный
_bА.В.
_gАлександр Венедиктович
801 0 _aRU
_bNLR
_c20081114
899 _aРНБ
_j37.69.2.16
899 _aРНБ
_j127/899-2
942 _cBOOK
980 _aA1SV
980 _aNB